000 00252nam a2200121Ia 4500
100 _a#N/A
650 _aComputer/ IT
942 _cBK
654 _amicrosoft
245 _aMicrosoft Visual Basic - Personal Tutor
260 _b#N/A
546 _aENGLISH
999 _c23165
_d23165